[Event "Monarch Assurance Isle of Man 4th"]
[Site "Port Erin IOM"]
[Date "1995.10.07"]
[Round "1"]
[White "Arakhamia Grant, Ketevan"]
[Black "Hodgson, Julian"]
[Result "0-1"]
[WhiteElo "2420"]
[BlackElo "2590"]
[PlyCount "94"]
[EventDate "1995.10.07"]
[EventType "swiss"]
[EventRounds "9"]
[EventCountry "IOM"]
[SourceTitle "BritBase"]

1. e4 g6 2. d4 Bg7 3. Nc3 d6 4. Be3 a6 5. Qd2 b5 6. Bd3 Nd7 7. h4 c5 8. dxc5
dxc5 9. h5 Bb7 10. h6 Bf6 11. O-O-O c4 12. Bf1 b4 13. Nd5 c3 14. bxc3 bxc3 15.
Nxc3 Rb8 16. Nge2 Bc6 17. Qd3 Qa5 18. Qc4 Rc8 19. f4 e6 20. e5 Be7 21. Nb1 Rc7
22. Nec3 Bxg2 23. Qxa6 Qxa6 24. Bxa6 Bxh1 25. Nb5 Rc6 26. Rxh1 Nc5 27. Nd6+
Rxd6 28. exd6 Nxa6 29. dxe7 Nxe7 30. Bd4 O-O 31. Nc3 Nf5 32. Bf6 Rc8 33. Ne4
Nb4 34. Kb2 Rc4 35. Rd1 Nd5 36. Nc3 Nfe3 37. Rd3 Rxf4 38. Bg5 Nc4+ 39. Kb3 Na5+
40. Ka3 Rf5 41. Nxd5 exd5 42. Ka4 Nc4 43. Rb3 f6 44. Rb8+ Kf7 45. Rb7+ Ke6 46.
Bc1 Rf1 47. Ba3 Ra1 0-1

[Event "Monarch Assurance Isle of Man 4th"]
[Site "Port Erin IOM"]
[Date "1995.10.07"]
[Round "1"]
[White "Baburin, Alexander"]
[Black "O'Donovan, Richard"]
[Result "1-0"]
[WhiteElo "2495"]
[BlackElo "2230"]
[PlyCount "81"]
[EventDate "1995.10.07"]
[EventType "swiss"]
[EventRounds "9"]
[EventCountry "IOM"]
[SourceTitle "BritBase"]

1. d4 Nf6 2. c4 g6 3. Nf3 Bg7 4. g3 O-O 5. Bg2 d6 6. O-O Nbd7 7. Nc3 Re8 8. e4
e5 9. d5 a5 10. b3 Nc5 11. Ne1 c6 12. Nd3 Nxd3 13. Qxd3 c5 14. Bd2 Bd7 15. a3
Qe7 16. b4 axb4 17. axb4 cxb4 18. Nb5 Bxb5 19. cxb5 Nd7 20. Bxb4 Nc5 21. Bxc5
dxc5 22. d6 Qd7 23. Bh3 Qxh3 24. d7 Bf6 25. dxe8=Q+ Rxe8 26. Rfd1 Qc8 27. Qd7
c4 28. Ra7 Rd8 29. Qxc8 Rxc8 30. Rxb7 c3 31. b6 c2 32. Rc1 Bd8 33. Kf1 Kg7 34.
Rc7 Rxc7 35. bxc7 Bxc7 36. Rxc2 Bb6 37. Ke2 Ba7 38. Kd3 Bb6 39. Kc4 Kf6 40. Kd5
Bd4 41. f4 1-0

[Event "Monarch Assurance Isle of Man 4th"]
[Site "Port Erin IOM"]
[Date "1995.10.07"]
[Round "1"]
[White "Conlon, Joseph P"]
[Black "Wilman, Carey"]
[Result "1-0"]
[WhiteElo "2040"]
[BlackElo "2080"]
[PlyCount "95"]
[EventDate "1995.10.07"]
[EventType "swiss"]
[EventRounds "9"]
[EventCountry "IOM"]
[SourceTitle "BritBase"]

1. e4 d6 2. d4 Nf6 3. Nc3 g6 4. Be2 Bg7 5. Nf3 O-O 6. O-O Bg4 7. Be3 Nc6 8. Nd2
Bxe2 9. Qxe2 e5 10. dxe5 dxe5 11. Rad1 Nd4 12. Bxd4 exd4 13. Nb3 c5 14. Nxc5
Qe7 15. N3a4 a6 16. Nb3 b5 17. Nac5 Rfc8 18. e5 Nd5 19. Nd3 Rc4 20. Qe4 Rd8 21.
Rfe1 Rxc2 22. Nxd4 Rc4 23. Nc1 f5 24. Qf3 Nb4 25. Ncb3 Rcc8 26. a3 Nd5 27. Nxf5
gxf5 28. Rxd5 Qe6 29. Rxd8+ Rxd8 30. Nc5 Qc4 31. Nb7 Rf8 32. h3 Qe6 33. Nc5 Qe7
34. Nd3 Kh8 35. Qe2 f4 36. Qf3 Bh6 37. Nb4 Rg8 38. Nd5 Qg7 39. Kh1 Bg5 40. Nb4
Re8 41. Nxa6 h6 42. Qc3 Bh4 43. Re2 Qg6 44. Nb4 Qb1+ 45. Re1 Qg6 46. Qf3 Qf5
47. Nd3 Bg5 48. Qe4 1-0

[Event "Monarch Assurance Isle of Man 4th"]
[Site "Port Erin IOM"]
[Date "1995.10.07"]
[Round "1"]
[White "Connolly, Suzanne"]
[Black "Ellison, Derek George"]
[Result "0-1"]
[WhiteElo "2030"]
[BlackElo "2140"]
[PlyCount "88"]
[EventDate "1995.10.07"]
[EventType "swiss"]
[EventRounds "9"]
[EventCountry "IOM"]
[SourceTitle "BritBase"]

1. e4 c5 2. Nf3 e6 3. d4 cxd4 4. Nxd4 Nf6 5. Nc3 Nc6 6. Be3 Bb4 7. Bd3 d5 8.
Nxc6 bxc6 9. e5 Nd7 10. Qg4 Bf8 11. f4 Qa5 12. O-O Qb4 13. a3 Qxb2 14. Bd4 Qb8
15. Rab1 Qc7 16. Qg3 g6 17. h4 Bg7 18. h5 O-O 19. Qh4 c5 20. Nb5 Qc6 21. Bf2
Ba6 22. Nd6 c4 23. Be2 Nxe5 24. fxe5 Bxe5 25. Nxc4 Bxc4 26. Bxc4 dxc4 27. Bd4
Bxd4+ 28. Qxd4 Rad8 29. Qxa7 Rd2 30. Rf2 Qd5 31. h6 Rd1+ 32. Rxd1 Qxd1+ 33. Rf1
Qd2 34. Qc7 Qxh6 35. Qxc4 Qe3+ 36. Kh1 Qxa3 37. Qc7 Qe3 38. Rb1 e5 39. c4 Qd3
40. Rb8 Qf1+ 41. Kh2 Qf4+ 42. Kg1 Qd4+ 43. Kh2 Rxb8 44. Qxb8+ Kg7 0-1

[Event "Monarch Assurance Isle of Man 4th"]
[Site "Port Erin IOM"]
[Date "1995.10.07"]
[Round "1"]
[White "De Coverly, Roger"]
[Black "Moskovic, David"]
[Result "1-0"]
[WhiteElo "2105"]
[BlackElo "2165"]
[PlyCount "83"]
[EventDate "1995.10.07"]
[EventType "swiss"]
[EventRounds "9"]
[EventCountry "IOM"]
[SourceTitle "BritBase"]

1. d4 d5 2. c4 e6 3. Nc3 c6 4. Nf3 dxc4 5. a4 Bb4 6. e3 b5 7. Ne5 Nf6 8. Qf3
Qd5 9. Qf4 Nbd7 10. Bd2 Bxc3 11. Bxc3 Bb7 12. Be2 Qe4 13. Qg3 Nxe5 14. Qxg7 Qg6
15. Qxh8+ Kd7 16. Qxa8 Bxa8 17. dxe5 Nd5 18. axb5 Qxg2 19. Rxa7+ Nc7 20. bxc6+
Bxc6 21. Rf1 Qd5 22. Rg1 Qc5 23. Ra5 Nb5 24. Rg4 Qb6 25. Ra1 Nxc3 26. bxc3 Ke7
27. Rxc4 Bb5 28. Rb1 Qa5 29. Rxb5 Qa1+ 30. Bd1 Kf8 31. Rb8+ Kg7 32. Rg4+ Kh6
33. Kd2 Qa2+ 34. Ke1 Qa1 35. Rh4+ Kg7 36. Rc8 Qc1 37. Rcc4 h6 38. Rhg4+ Kh8 39.
Rc8+ Kh7 40. Rc7 Kh8 41. Rb4 Kg7 42. Rf4 1-0

[Event "Monarch Assurance Isle of Man 4th"]
[Site "Port Erin IOM"]
[Date "1995.10.07"]
[Round "1"]
[White "Engqvist, Thomas"]
[Black "Sadler, Matthew"]
[Result "1/2-1/2"]
[WhiteElo "2405"]
[BlackElo "2565"]
[PlyCount "125"]
[EventDate "1995.10.07"]
[EventType "swiss"]
[EventRounds "9"]
[EventCountry "IOM"]
[SourceTitle "BritBase"]

1. d4 d5 2. c4 dxc4 3. Nf3 Nf6 4. Qa4+ Nc6 5. Nc3 Nd5 6. e4 Nb6 7. Qd1 Bg4 8.
d5 Ne5 9. Bf4 Bxf3 10. gxf3 Qd6 11. Bg3 g5 12. h4 Bg7 13. hxg5 Qb4 14. Rb1
O-O-O 15. f4 Nc6 16. Qc1 Nd4 17. Bh3+ Kb8 18. Kf1 f5 19. gxf6 exf6 20. Be6 f5
21. exf5 Qf8 22. Rh5 c6 23. f6 Bxf6 24. f5+ Ka8 25. Bc7 Re8 26. dxc6 bxc6 27.
Bxb6 axb6 28. Ne2 Nxe6 29. fxe6 Qb4 30. Qe3 Re7 31. Nd4 Bxd4 32. Qxd4 Rhe8 33.
a3 Qb3 34. Qc3 Rxe6 35. Qxb3 cxb3 36. Rxh7 Re2 37. Rh3 Rc2 38. Rxb3 Ree2 39.
Rf3 Rxb2 40. Rxb2 Rxb2 41. Rc3 Kb7 42. Kg2 c5 43. Kf3 Kc6 44. Ke3 Kd5 45. f4
Rh2 46. Rd3+ Kc4 47. Rd6 b5 48. Ra6 Ra2 49. Ra5 Ra1 50. f5 Rf1 51. Ke4 b4 52.
axb4 cxb4 53. Ra8 b3 54. Rc8+ Kb4 55. Ke5 b2 56. Rb8+ Kc3 57. f6 b1=Q 58. Rxb1
Rxb1 59. f7 Rf1 60. Ke6 Kd4 61. Ke7 Ke5 62. f8=Q Rxf8 63. Kxf8 1/2-1/2

[Event "Monarch Assurance Isle of Man 4th"]
[Site "Port Erin IOM"]
[Date "1995.10.07"]
[Round "1"]
[White "Hebden, Mark"]
[Black "Pliester, Leon"]
[Result "1/2-1/2"]
[WhiteElo "2570"]
[BlackElo "2375"]
[PlyCount "183"]
[EventDate "1995.10.07"]
[EventType "swiss"]
[EventRounds "9"]
[EventCountry "IOM"]
[SourceTitle "BritBase"]

1. d4 Nf6 2. Nf3 e6 3. c4 b6 4. g3 Ba6 5. b3 Bb7 6. Bg2 Bb4+ 7. Bd2 a5 8. O-O
O-O 9. Nc3 d6 10. Qc2 Nbd7 11. Rad1 Qb8 12. Rfe1 Bxc3 13. Bxc3 Be4 14. Qc1 b5
15. Bf1 b4 16. Bb2 a4 17. Qe3 axb3 18. axb3 Ra2 19. Qc1 Qa7 20. Nd2 Bg6 21. Bg2
e5 22. Nf3 Rc8 23. e3 h6 24. Nh4 Bh7 25. Bh3 Nf8 26. c5 dxc5 27. dxe5 Ne4 28.
e6 fxe6 29. Bg2 Nd6 30. Rd2 Ra5 31. Nf3 c4 32. bxc4 Ne4 33. Rdd1 Ra2 34. Ne5
Qa4 35. Rd3 Nc5 36. Rd2 Nb3 37. Bc6 Qxc6 38. Nxc6 Nxc1 39. Bxc1 Rxd2 40. Bxd2
b3 41. e4 Nd7 42. f3 Rf8 43. Kg2 Ra8 44. Kf2 Nc5 45. Nb4 Rf8 46. Kg2 b2 47. Bc3
Rb8 48. Rb1 Nxe4 49. Be1 Nd2 50. Rxb2 Nxc4 51. Re2 Kf7 52. Nc6 Rb2 53. Rxb2
Nxb2 54. Ba5 Nd3 55. Bxc7 Ke8 56. Nb8 Nc5 57. Bd6 Nb3 58. Be5 Kf7 59. Nd7 Bd3
60. Bc3 Bb5 61. Ne5+ Kg8 62. Kf2 Nc5 63. Ke3 Nd7 64. Ng4 Bc6 65. f4 Kf7 66. Be5
Bb7 67. Kd4 Ba8 68. Ne3 Bb7 69. g4 Bf3 70. h4 Nf6 71. Bxf6 gxf6 72. Kc5 Ke7 73.
Kd4 Be2 74. Kc3 Kf7 75. Kd2 Bf3 76. Ke1 e5 77. fxe5 fxe5 78. Kf2 Be4 79. Nf1
Kf6 80. Ke3 Bb7 81. Kf2 Bc8 82. Kg3 Bd7 83. Ne3 Be6 84. Kf3 Bd7 85. Nd5+ Ke6
86. Nc3 Bc6+ 87. Ke3 Kf6 88. Nd1 Bd7 89. Nf2 Kg6 90. Kf3 Bc6+ 91. Kg3 Kf6 92.
Nd1 1/2-1/2

[Event "Monarch Assurance Isle of Man 4th"]
[Site "Port Erin IOM"]
[Date "1995.10.07"]
[Round "1"]
[White "Khenkin, Igor"]
[Black "Hartman, Christer"]
[Result "1-0"]
[WhiteElo "2555"]
[BlackElo "2345"]
[PlyCount "45"]
[EventDate "1995.10.07"]
[EventType "swiss"]
[EventRounds "9"]
[EventCountry "IOM"]
[SourceTitle "BritBase"]

1. d4 d5 2. Nf3 Nf6 3. c4 dxc4 4. e3 e6 5. Bxc4 c5 6. O-O a6 7. Bb3 Nc6 8. Qe2
cxd4 9. Rd1 d3 10. Rxd3 Qc7 11. Nc3 Nd7 12. e4 Bd6 13. Bg5 Nde5 14. Nxe5 Bxe5
15. Qh5 g6 16. Qh4 h6 17. Be3 g5 18. Qh5 Bf6 19. Na4 b5 20. Nb6 Rb8 21. Nxc8
Rxc8 22. Bxe6 Rd8 23. Bb6 1-0

[Event "Monarch Assurance Isle of Man 4th"]
[Site "Port Erin IOM"]
[Date "1995.10.07"]
[Round "1"]
[White "Lalic, Bogdan"]
[Black "Welling, Gerard"]
[Result "1-0"]
[WhiteElo "2590"]
[BlackElo "2415"]
[PlyCount "51"]
[EventDate "1995.10.07"]
[EventType "swiss"]
[EventRounds "9"]
[EventCountry "IOM"]
[SourceTitle "BritBase"]

1. Nf3 b6 2. g3 Bb7 3. Bg2 g6 4. O-O Bg7 5. d4 Nf6 6. c4 O-O 7. d5 b5 8. Qb3
Qc8 9. Qxb5 c6 10. dxc6 Nxc6 11. Nc3 Rb8 12. Qa4 Ba6 13. a3 Ne8 14. c5 Nc7 15.
Qc2 Qb7 16. b4 Bxe2 17. Qxe2 Bxc3 18. Rb1 Qb5 19. Qd1 Ne6 20. Be3 Rfd8 21. a4
Qc4 22. b5 Ncd4 23. Nxd4 Nxd4 24. Kh1 Rbc8 25. Rc1 Nf5 26. Bd2 1-0

[Event "Monarch Assurance Isle of Man 4th"]
[Site "Port Erin IOM"]
[Date "1995.10.07"]
[Round "1"]
[White "Miles, Anthony"]
[Black "Van Mil, Johannes A J"]
[Result "1-0"]
[WhiteElo "2600"]
[BlackElo "2435"]
[PlyCount "81"]
[EventDate "1995.10.07"]
[EventType "swiss"]
[EventRounds "9"]
[EventCountry "IOM"]
[SourceTitle "BritBase"]

1. d4 f5 2. Bg5 g6 3. Nd2 Bg7 4. e4 fxe4 5. Nxe4 d5 6. Nc5 b6 7. Nb3 Nf6 8. Nf3
O-O 9. Be2 Ne4 10. Be3 Qd6 11. O-O Nd7 12. Nbd2 Bb7 13. Nxe4 dxe4 14. Bc4+ Bd5
15. Nd2 Bxc4 16. Nxc4 Qd5 17. Qe2 e5 18. dxe5 Nxe5 19. Nxe5 Qxe5 20. Qc4+ Kh8
21. c3 c5 22. Rad1 Rad8 23. Rxd8 Rxd8 24. Qf7 a5 25. Qb7 Qe6 26. a4 h5 27. h3
Rd7 28. Qa6 Qc6 29. Re1 Kh7 30. Qc4 Re7 31. Rd1 Be5 32. Kf1 Bc7 33. Bg5 Rd7 34.
Ke2 Kg7 35. Rxd7+ Qxd7 36. Qxe4 b5 37. Qe7+ Qxe7+ 38. Bxe7 bxa4 39. Kd3 Kf7 40.
Bxc5 Ke6 41. Kc4 1-0

[Event "Monarch Assurance Isle of Man 4th"]
[Site "Port Erin IOM"]
[Date "1995.10.07"]
[Round "1"]
[White "Nicholson, John"]
[Black "Bellin, Jana"]
[Result "0-1"]
[WhiteElo "2065"]
[BlackElo "2210"]
[PlyCount "60"]
[EventDate "1995.10.07"]
[EventType "swiss"]
[EventRounds "9"]
[EventCountry "IOM"]
[SourceTitle "BritBase"]

1. e4 c5 2. Nf3 e6 3. d4 cxd4 4. Nxd4 a6 5. Bd3 Nf6 6. Qe2 d6 7. O-O g6 8. Nc3
Bg7 9. Be3 O-O 10. a4 b6 11. Rfd1 Qc7 12. f3 Nbd7 13. Qf2 Bb7 14. Ra3 Rfd8 15.
Nce2 d5 16. exd5 Nxd5 17. Bg5 Rdc8 18. c3 Nc5 19. Bc2 e5 20. Nb3 Bf8 21. Qh4
Ne6 22. Raa1 Nxg5 23. Qxg5 b5 24. a5 Be7 25. Qh6 b4 26. Be4 bxc3 27. bxc3 Qc4
28. Ng3 Bf8 29. Qd2 Rd8 30. Qe2 Qxb3 0-1

[Event "Monarch Assurance Isle of Man 4th"]
[Site "Port Erin IOM"]
[Date "1995.10.07"]
[Round "1"]
[White "O'Shaughnessy, Conor"]
[Black "Kristensen, Bjarke"]
[Result "0-1"]
[WhiteElo "2230"]
[BlackElo "2440"]
[PlyCount "56"]
[EventDate "1995.10.07"]
[EventType "swiss"]
[EventRounds "9"]
[EventCountry "IOM"]
[SourceTitle "BritBase"]

1. e4 c5 2. Nf3 d6 3. d4 cxd4 4. Nxd4 Nf6 5. Nc3 a6 6. f4 Qc7 7. Bd3 Nc6 8. Nf3
e6 9. O-O Be7 10. Kh1 Bd7 11. Qe1 Nb4 12. Be3 Nxd3 13. cxd3 Qa5 14. Bd4 Qh5 15.
Rc1 O-O 16. Qg3 Rfc8 17. e5 Ne8 18. exd6 Bxd6 19. Ne5 Bxe5 20. fxe5 Qg6 21. Qh3
Bc6 22. Rf4 Rd8 23. Rcf1 h5 24. Ne2 Rd7 25. Rh4 Qg5 26. Nf4 g6 27. Bc3 Ng7 28.
Ne2 Rxd3 0-1

[Event "Monarch Assurance Isle of Man 4th"]
[Site "Port Erin IOM"]
[Date "1995.10.07"]
[Round "1"]
[White "Ryan, Joseph"]
[Black "Spanton, Timothy"]
[Result "1/2-1/2"]
[WhiteElo "2210"]
[BlackElo "2060"]
[PlyCount "66"]
[EventDate "1995.10.07"]
[EventType "swiss"]
[EventRounds "9"]
[EventCountry "IOM"]
[SourceTitle "BritBase"]

1. d4 Nf6 2. Nf3 d5 3. c4 e6 4. e3 c5 5. a3 Nc6 6. dxc5 a5 7. Nc3 Bxc5 8. cxd5
exd5 9. Be2 O-O 10. Nb5 Qb6 11. Bd2 Rd8 12. O-O Be6 13. Bc3 Ne4 14. Bd4 Nxd4
15. Nfxd4 Bd7 16. Qd3 Qg6 17. Nc3 Rac8 18. Nxd5 Bc6 19. Nf4 Qf6 20. Nh5 Qg5 21.
f4 Qd5 22. Rad1 Nd2 23. Rf2 Ne4 24. Rff1 Nd2 25. Rf2 Ne4 26. Nxc6 Qxd3 27. Bxd3
Rxc6 28. Re2 Rcd6 29. Bxe4 Rxd1+ 30. Kf2 b6 31. g4 R1d2 32. Ng3 Be7 33. g5 h6
1/2-1/2

[Event "Monarch Assurance Isle of Man 4th"]
[Site "Port Erin IOM"]
[Date "1995.10.07"]
[Round "1"]
[White "Sher, Miron N"]
[Black "Grant, Jonathan"]
[Result "1/2-1/2"]
[WhiteElo "2510"]
[BlackElo "2275"]
[PlyCount "23"]
[EventDate "1995.10.07"]
[EventType "swiss"]
[EventRounds "9"]
[EventCountry "IOM"]
[SourceTitle "BritBase"]

1. c4 Nf6 2. g3 e6 3. Bg2 d5 4. Nf3 c5 5. cxd5 exd5 6. d4 Nc6 7. O-O Be7 8. Be3
Ng4 9. Bf4 O-O 10. Nc3 Be6 11. dxc5 Bxc5 12. Na4 1/2-1/2

[Event "Monarch Assurance Isle of Man 4th"]
[Site "Port Erin IOM"]
[Date "1995.10.07"]
[Round "1"]
[White "Tolhuizen, Ludo"]
[Black "Arkell, Keith C"]
[Result "0-1"]
[WhiteElo "2255"]
[BlackElo "2505"]
[PlyCount "84"]
[EventDate "1995.10.07"]
[EventType "swiss"]
[EventRounds "9"]
[EventCountry "IOM"]
[SourceTitle "BritBase"]

1. d4 Nf6 2. Nf3 c5 3. e3 cxd4 4. exd4 d5 5. Bg5 Ne4 6. Bh4 Bg4 7. c3 Qb6 8.
Qb3 Bxf3 9. gxf3 Nd6 10. Bg3 e6 11. Na3 Nc6 12. Qxb6 axb6 13. Nb5 Kd7 14. Rg1
g6 15. Bd3 Be7 16. Ke2 Rhc8 17. Nxd6 Bxd6 18. Bxd6 Kxd6 19. h4 h5 20. Kd2 e5
21. dxe5+ Nxe5 22. Be2 Ra4 23. b4 Ra3 24. f4 Nc4+ 25. Bxc4 Rxc4 26. f5 gxf5 27.
Rg5 Rcxc3 28. Rxh5 Rf3 29. Ke2 Rf4 30. Rh6+ Ke5 31. Rxb6 Re4+ 32. Kd2 Rxh4 33.
Rxb7 Rh2 34. Ke2 d4 35. Re7+ Kf4 36. Rd7 Re3+ 37. Kf1 Rh1+ 38. Kg2 Rxa1 39.
fxe3+ dxe3 40. Rd4+ Ke5 41. Rd7 Ke4 42. Re7+ Kf4 0-1

[Event "Monarch Assurance Isle of Man 4th"]
[Site "Port Erin IOM"]
[Date "1995.10.07"]
[Round "1"]
[White "Anderton, David W"]
[Black "Gibeon, David"]
[Result "0-1"]
[WhiteElo "2215"]
[BlackElo "2075"]
[PlyCount "94"]
[EventDate "1995.10.07"]
[EventType "swiss"]
[EventRounds "9"]
[EventCountry "IOM"]
[SourceTitle "BritBase"]

1. d4 Nf6 2. c4 e6 3. Nf3 b6 4. g3 Bb7 5. Bg2 Bb4+ 6. Bd2 Be7 7. Nc3 O-O 8. O-O
c6 9. e4 d5 10. cxd5 cxd5 11. e5 Ne4 12. Re1 Nd7 13. h4 f6 14. Bh3 fxe5 15.
Bxe6+ Kh8 16. Nxe4 dxe4 17. Ng5 exd4 18. Nxh7 Rf3 19. Ng5 Bxg5 20. hxg5 e3 21.
Bxe3 dxe3 22. Rxe3 Nc5 23. Bc4 Qxd1+ 24. Rxd1 Rxe3 25. fxe3 Ne4 26. Rd7 Rb8 27.
g6 Nxg3 28. Rf7 Nh5 29. Rf2 Rc8 30. b3 b5 31. Bxb5 Be4 32. Rf7 Ra8 33. Re7 Bxg6
34. b4 Rb8 35. a4 a6 36. Bxa6 Rxb4 37. Bb5 Nf6 38. Re5 Re4 39. Rxe4 Bxe4 40.
Kf2 Kg8 41. Bc4+ Kf8 42. Kg3 g5 43. a5 Ke7 44. a6 Kd6 45. a7 Kc7 46. Bd3 Bc6
47. e4 Kd6 0-1

[Event "Monarch Assurance Isle of Man 4th"]
[Site "Port Erin IOM"]
[Date "1995.10.07"]
[Round "1"]
[White "Lalic, Susan"]
[Black "Wells, Peter K"]
[Result "1/2-1/2"]
[WhiteElo "2315"]
[BlackElo "2545"]
[PlyCount "84"]
[EventDate "1995.10.07"]
[EventType "swiss"]
[EventRounds "9"]
[EventCountry "IOM"]
[SourceTitle "BritBase"]

1. e4 e5 2. Nf3 Nc6 3. Nc3 Nf6 4. d4 exd4 5. Nxd4 Bb4 6. Nxc6 bxc6 7. Bd3 d5 8.
exd5 cxd5 9. O-O O-O 10. Bg5 c6 11. Qf3 Be7 12. Rae1 Re8 13. h3 Be6 14. Ne2 c5
15. Bb5 Ne4 16. Bc1 Bd7 17. Bxd7 Qxd7 18. Ng3 Nxg3 19. Qxg3 Bf6 20. b3 Qf5 21.
Qd3 Qxd3 22. cxd3 Bd4 23. Ba3 a5 24. Rxe8+ Rxe8 25. Rc1 Rc8 26. Rc2 Kf8 27. Bb2
Bxb2 28. Rxb2 Ke7 29. Kf1 Kd6 30. Ke2 f5 31. Kd2 g5 32. a3 f4 33. b4 cxb4 34.
axb4 Rb8 35. Kc3 a4 36. b5 Kc5 37. Rb4 Rxb5 38. Rxa4 Rb1 39. Ra5+ Kd6 40. Kd4
Rb4+ 41. Kc3 Rb1 42. Kd4 Rb4+ 1/2-1/2

[Event "Monarch Assurance Isle of Man 4th"]
[Site "Port Erin IOM"]
[Date "1995.10.08"]
[Round "2"]
[White "Arkell, Keith C"]
[Black "Lalic, Bogdan"]
[Result "1/2-1/2"]
[WhiteElo "2505"]
[BlackElo "2590"]
[PlyCount "39"]
[EventDate "1995.10.07"]
[EventType "swiss"]
[EventRounds "9"]
[EventCountry "IOM"]
[SourceTitle "BritBase"]

1. d4 Nf6 2. c4 g6 3. Nc3 d5 4. Nf3 Bg7 5. Bg5 Ne4 6. cxd5 Nxg5 7. Nxg5 e6 8.
Nf3 exd5 9. b4 O-O 10. e3 c6 11. Be2 Qd6 12. Qb3 Be6 13. O-O Nd7 14. Rfd1 a6
15. a4 a5 16. Rab1 axb4 17. Qxb4 Qxb4 18. Rxb4 Ra7 19. Rc1 Bf6 20. h3 1/2-1/2

[Event "Monarch Assurance Isle of Man 4th"]
[Site "Port Erin IOM"]
[Date "1995.10.08"]
[Round "2"]
[White "Bellin, Jana"]
[Black "Hebden, Mark"]
[Result "0-1"]
[WhiteElo "2210"]
[BlackElo "2570"]
[PlyCount "86"]
[EventDate "1995.10.07"]
[EventType "swiss"]
[EventRounds "9"]
[EventCountry "IOM"]
[SourceTitle "BritBase"]

1. d4 Nf6 2. c4 g6 3. Nc3 Bg7 4. e4 d6 5. f3 O-O 6. Be3 a5 7. Qd2 a4 8. Bd3 c5
9. Nge2 Nc6 10. Rd1 Qa5 11. dxc5 dxc5 12. O-O Rd8 13. Nd5 e6 14. Qxa5 Rxa5 15.
Nb6 Nd7 16. Nxc8 Rxc8 17. Bd2 Bxb2 18. Bxa5 Nxa5 19. Rd2 a3 20. f4 Nb6 21. Rc2
Rd8 22. Rf3 Nc6 23. Rc3 Bxc3 24. Nxc3 Nb4 25. Bf1 Rd2 26. Nb5 Rxa2 27. Nxa3 e5
28. Nb5 Nc6 29. Nd6 Nd4 30. Rf2 Rxf2 31. Kxf2 exf4 32. Nxb7 Nd7 33. Be2 Kg7 34.
Bd1 Ne6 35. Ba4 Ne5 36. h4 Kf6 37. Bb5 h5 38. Ba4 Ng4+ 39. Ke1 Ne3 40. Kf2 Nxc4
41. Bb3 Nd2 42. Bxe6 fxe6 43. Nxc5 Ke5 0-1

[Event "Monarch Assurance Isle of Man 4th"]
[Site "Port Erin IOM"]
[Date "1995.10.08"]
[Round "2"]
[White "Churm, Rohan"]
[Black "Connolly, Suzanne"]
[Result "1-0"]
[WhiteElo "2115"]
[BlackElo "2030"]
[PlyCount "153"]
[EventDate "1995.10.07"]
[EventType "swiss"]
[EventRounds "9"]
[EventCountry "IOM"]
[SourceTitle "BritBase"]

1. e4 d5 2. exd5 Qxd5 3. Nc3 Qa5 4. Bc4 Nf6 5. d3 c6 6. Bd2 Qd8 7. Nge2 Bg4 8.
f3 Bh5 9. g4 Nxg4 10. fxg4 Bxg4 11. Bf4 e6 12. Qd2 Bb4 13. a3 Be7 14. O-O-O O-O
15. Rhg1 Bh5 16. Bg5 Nd7 17. Qf4 Nb6 18. Bxe7 Qxe7 19. Qe5 Bg6 20. Bb3 Qh4 21.
Nf4 Nd5 22. Ncxd5 cxd5 23. Nxg6 hxg6 24. Qe2 b5 25. d4 Rab8 26. Rg4 Qh5 27.
Rdg1 a5 28. h4 a4 29. Ba2 b4 30. axb4 Rxb4 31. c3 Rb6 32. Qe5 Qh6+ 33. Qg5 Rfb8
34. R1g2 Kf8 35. h5 Qxg5+ 36. Rxg5 gxh5 37. Rxh5 g6 38. Rh3 R6b7 39. Rf3 Kg7
40. Bb1 a3 41. b4 Rc8 42. Kd1 Ra7 43. Ra2 Rh8 44. Rff2 Rh3 45. Kc2 Rh1 46. Rd2
f5 47. Rd1 Rxd1 48. Kxd1 g5 49. Ke2 Kf6 50. Kf3 g4+ 51. Kf4 Rh7 52. Rxa3 Rh3
53. Bxf5 exf5 54. Ra6+ Ke7 55. Kxf5 Rxc3 56. Ke5 Rb3 57. Rg6 Rxb4 58. Rxg4 Rb5
59. Rg7+ Kf8 60. Ra7 Ke8 61. Kd6 Rb6+ 62. Kxd5 Rh6 63. Kc5 Rg6 64. d5 Rh6 65.
Rc7 Rg6 66. Rc6 Rg5 67. Rh6 Kd7 68. Rh7+ Ke8 69. Kc6 Rg2 70. Rh8+ Kf7 71. d6
Rc2+ 72. Kd7 Ra2 73. Rc8 Rd2 74. Rc1 Ra2 75. Rf1+ Kg8 76. Ke7 Re2+ 77. Kd8 1-0

[Event "Monarch Assurance Isle of Man 4th"]
[Site "Port Erin IOM"]
[Date "1995.10.08"]
[Round "2"]
[White "Coull, Alison"]
[Black "Arakhamia Grant, Ketevan"]
[Result "0-1"]
[WhiteElo "2115"]
[BlackElo "2420"]
[PlyCount "162"]
[EventDate "1995.10.07"]
[EventType "swiss"]
[EventRounds "9"]
[EventCountry "IOM"]
[SourceTitle "BritBase"]

1. e4 c5 2. c3 d5 3. exd5 Qxd5 4. d4 Nf6 5. Nf3 Nc6 6. Be3 cxd4 7. cxd4 e6 8.
Nc3 Qd6 9. a3 a6 10. Bd3 Be7 11. O-O O-O 12. Qe2 b5 13. b4 Bb7 14. Rac1 Rac8
15. Rfd1 Nb8 16. Bb1 Nbd7 17. Ng5 h6 18. Nge4 Nxe4 19. Nxe4 Qd5 20. f3 Rxc1 21.
Rxc1 Qb3 22. Qd3 Qxd3 23. Bxd3 f5 24. Rc7 Bc8 25. Nc5 Nxc5 26. bxc5 Bf6 27. Bc2
Rd8 28. Bb3 Kf8 29. Kf1 a5 30. Bf4 Ke8 31. Bd6 Bd7 32. d5 a4 33. Ba2 exd5 34.
Bxd5 Rc8 35. Ra7 Bd4 36. Ra8 Rxa8 37. Bxa8 Kd8 38. Bd5 Bc8 39. c6 Bb6 40. Ke2
Ba6 41. Kd2 Bc7 42. Bf8 Bxh2 43. Bxg7 Bd6 44. Bb2 Kc7 45. Ke3 Bc8 46. Kd4 h5
47. Bc1 h4 48. f4 Kb6 49. Bf3 Be6 50. Bd5 Bxd5 51. Kxd5 Kc7 52. Ke6 Kxc6 53.
Kxf5 Kd5 54. Kg4 Be7 55. Kf5 Bf8 56. Kg6 Kc4 57. f5 Kb3 58. Kf7 Bc5 59. f6 Kc2
60. Bh6 Bxa3 61. Kg8 Bc5 62. Bf8 Bxf8 63. Kxf8 a3 64. Kg8 a2 65. f7 a1=Q 66.
f8=Q Qd4 67. Qf5+ Qd3 68. Qf2+ Kb3 69. Kf7 Qc4+ 70. Ke7 b4 71. Qf3+ Kc2 72.
Qf5+ Kd2 73. Qa5 Ke3 74. Qg5+ Kf2 75. Kf6 Qd4+ 76. Kg6 b3 77. Kh5 b2 78. Qf5+
Kxg2 79. Qc2+ Kf1 80. Qb1+ Ke2 81. Qc2+ Ke1 0-1

[Event "Monarch Assurance Isle of Man 4th"]
[Site "Port Erin IOM"]
[Date "1995.10.08"]
[Round "2"]
[White "Ellison, Derek George"]
[Black "Sher, Miron N"]
[Result "0-1"]
[WhiteElo "2140"]
[BlackElo "2510"]
[PlyCount "102"]
[EventDate "1995.10.07"]
[EventType "swiss"]
[EventRounds "9"]
[EventCountry "IOM"]
[SourceTitle "BritBase"]

1. e4 c5 2. c3 Nf6 3. e5 Nd5 4. Nf3 e6 5. Bc4 d6 6. O-O Nc6 7. d4 cxd4 8. cxd4
Be7 9. Nbd2 Nc7 10. exd6 Bxd6 11. Ne4 Be7 12. Re1 O-O 13. a3 b6 14. b4 Bb7 15.
Ra2 Rc8 16. Nc3 Nb8 17. Rd2 Nd5 18. Bxd5 Bxd5 19. Nxd5 Qxd5 20. Qe2 Nd7 21. Bb2
Nf6 22. Qe5 Rfd8 23. Qxd5 Nxd5 24. Rc1 Rxc1+ 25. Bxc1 Rc8 26. Bb2 Kf8 27. Kf1
Bd6 28. g3 Ke7 29. Ke2 f6 30. Kd3 g5 31. Ne1 g4 32. f3 h5 33. fxg4 hxg4 34. Ng2
Rg8 35. Ne3 Rg5 36. Bc1 Nxe3 37. Kxe3 a5 38. Rb2 axb4 39. axb4 Rf5 40. Kd3 Kd7
41. Kc4 b5+ 42. Kd3 Rf1 43. Be3 Kc6 44. Rc2+ Kd5 45. Rc8 Rd1+ 46. Ke2 Rh1 47.
Rg8 Rxh2+ 48. Kd3 f5 49. Rd8 Kc6 50. Bf4 Bxf4 51. gxf4 Rh3+ 0-1